000 00889nam a2200253 i 4500
001 88255
003 ES-MaACL
005 20250603170558.0
007 t|
008 050103s1949 sp |||| | spa d
100 1 _aLaín Entralgo, Pedro,
_d1908-2001
_969681
245 1 0 _aEspaña como problema /
_cPedro Laín Entralgo.
260 _aMadrid :
_bSeminario de Problemas Hispanoamericanos,
_c[1949] (
_fEscelicer)
300 _a168 p. ;
_c17 cm.
490 1 _aCuadernos de monografías
651 4 _aEspaña-
_xVida intelectual-
_yS.XIX.
_9138445
651 4 _aEspaña-
_xVida intelectual-
_yS.XX
_98529
651 4 _aEspaña-
_xCivilización-
_yS.XIX.
_9162600
651 4 _aEspaña-
_xCivilización-
_yS.XX.
_98171
710 2 _aSeminario de Problemas Hispanoamericanos.
_96559
830 0 _aCuadernos de monografías
_9183354
852 _aES-MaACL
_jB-12956
999 _c88255
_d88255